| 000 | 00664cas a22002175a 4500 | ||
|---|---|---|---|
| 001 | L138627 | ||
| 008 | 070627d19921998au qr p 0 a0eng u | ||
| 022 | 1 | _a1325-8672 | |
| 035 | _a(Sirsi) u138627 | ||
| 041 | 0 | _aeng | |
| 110 | 2 |
_aAustralian Institute of Valuers and Land Economists _93003 |
|
| 245 | 0 | 4 | _aThe Valuer and Land Economist |
| 260 |
_aDeakin _bAustralian Institute of Valuers and Land Economists _c1992-1998 |
||
| 362 | 0 | _a32 1992-35(2) May 1998 | |
| 554 | _aFour per year | ||
| 651 | 4 | _aAustralia | |
| 690 | _aPROPERTY-PROPERTY APPRAISAL AND VALUATION | ||
| 780 | 0 | 0 | _tValuer |
| 785 | 0 | 0 |
_tAustralian Property Journal _x1441-4929 |
| 942 | _n0 | ||
| 999 |
_c119005 _d119005 |
||